| 000 | 00535nam a2200181 a 4500 | ||
|---|---|---|---|
| 001 | 2532 | ||
| 003 | CDMR | ||
| 005 | 20130930173410.0 | ||
| 008 | 130130s1990||||||||||||||||||||||||||||d | ||
| 020 | _a8486984491 | ||
| 040 |
_aCDMR _bcat _cCDMR |
||
| 100 | 1 |
_aOliva, Llúcia _91836 |
|
| 245 | 1 | 4 |
_aLes notícies a la televisió _cLlúcia Oliva, Xavier Sitjà |
| 260 |
_aEsplugues de Llobregat _c1990 _bInstituto Oficial de Radio y Televisión |
||
| 650 | 0 | 4 |
_93157 _aTelevisió _xNoticiaris |
| 700 | 1 |
_94014 _aSitjà, Xavier |
|
| 942 |
_cMON _2udc |
||
| 999 |
_c2532 _d2532 |
||